[Event "Team Championship of Russia (rapid)"]
[Site "Sochi"]
[Date "2015.05.09"]
[Round "9.22"]
[White "Ivanov, Alexander Al."]
[Black "Levin, Evgeny A."]
[Result "0-1"]
[LiveChessVersion "1.4.4"]
[BlackElo "2609"]
[WhiteElo "2407"]
[WhiteTeam "SHK Rakita"]

1. e4 {[%clk 0:15:19]} e6 {[%clk 0:15:19]} 2. d3 {[%clk 0:15:25]} d5
{[%clk 0:15:27]} 3. Nd2 {[%clk 0:15:34]} c5 {[%clk 0:15:18]} 4. Ngf3
{[%clk 0:15:40]} Nc6 {[%clk 0:15:26]} 5. g3 {[%clk 0:15:48]} Bd6 {[%clk 0:15:28]}
6. Bg2 {[%clk 0:15:57]} Nge7 {[%clk 0:15:36]} 7. O-O {[%clk 0:16:06]} O-O
{[%clk 0:15:36]} 8. Re1 {[%clk 0:16:11]} Qc7 {[%clk 0:15:04]} 9. c3
{[%clk 0:16:04]} Bd7 {[%clk 0:14:22]} 10. Qe2 {[%clk 0:16:03]} f6
{[%clk 0:14:18]} 11. Bh3 {[%clk 0:15:58]} Rae8 {[%clk 0:11:19]} 12. a3
{[%clk 0:15:08]} e5 {[%clk 0:10:41]} 13. Bxd7 {[%clk 0:15:13]} Qxd7
{[%clk 0:10:49]} 14. c4 {[%clk 0:14:48]} dxc4 {[%clk 0:10:09]} 15. dxc4
{[%clk 0:14:37]} Rc8 {[%clk 0:10:00]} 16. Nf1 {[%clk 0:14:39]} Nd4
{[%clk 0:10:05]} 17. Qd3 {[%clk 0:14:38]} Ng6 {[%clk 0:09:36]} 18. Nxd4
{[%clk 0:13:10]} cxd4 {[%clk 0:09:28]} 19. b3 {[%clk 0:12:31]} Rc7
{[%clk 0:09:12]} 20. f3 {[%clk 0:11:52]} Rfc8 {[%clk 0:09:09]} 21. Bb2
{[%clk 0:11:34]} Nf8 {[%clk 0:08:49]} 22. Nd2 {[%clk 0:11:40]} a5
{[%clk 0:08:50]} 23. a4 {[%clk 0:11:20]} Ne6 {[%clk 0:08:48]} 24. Ba3
{[%clk 0:11:25]} Bxa3 {[%clk 0:08:42]} 25. Rxa3 {[%clk 0:11:34]} Qd6
{[%clk 0:08:50]} 26. Raa1 {[%clk 0:11:42]} Qb4 {[%clk 0:08:57]} 27. Rab1
{[%clk 0:11:45]} Rd8 {[%clk 0:08:21]} 28. Kg2 {[%clk 0:11:46]} Rc6
{[%clk 0:08:06]} 29. Nf1 {[%clk 0:11:10]} Rb6 {[%clk 0:07:55]} 30. Qd2
{[%clk 0:11:13]} Qc5 {[%clk 0:07:53]} 31. Qf2 {[%clk 0:10:27]} Qc7
{[%clk 0:07:28]} 32. Nd2 {[%clk 0:10:33]} Nc5 {[%clk 0:06:52]} 33. Red1
{[%clk 0:10:13]} Qc6 {[%clk 0:06:35]} 34. h4 {[%clk 0:09:44]} Rb4
{[%clk 0:06:19]} 35. Qf1 {[%clk 0:08:09]} Qb6 {[%clk 0:06:05]} 36. Rdc1
{[%clk 0:04:56]} Nxb3 {[%clk 0:05:02]} 37. Nxb3 {[%clk 0:03:43]} Rxb3
{[%clk 0:05:11]} 38. c5 {[%clk 0:03:52]} Qb4 {[%clk 0:04:00]} 39. Rxb3
{[%clk 0:03:59]} Qxb3 {[%clk 0:04:08]} 40. Qb5 {[%clk 0:03:46]} Qa2+
{[%clk 0:04:05]} 41. Kh3 {[%clk 0:03:47]} Qe6+ {[%clk 0:03:43]} 42. Kg2
{[%clk 0:03:39]} Qa2+ {[%clk 0:02:29]} 43. Kh3 {[%clk 0:03:48]} Qf7
{[%clk 0:01:02]} 44. Qxa5 {[%clk 0:03:52]} Qd7+ {[%clk 0:01:10]} 45. Kg2
{[%clk 0:04:02]} d3 {[%clk 0:01:18]} 46. Qb5 {[%clk 0:03:13]} Qf7
{[%clk 0:00:40]} 47. Qb2 {[%clk 0:02:01]} Rd4 {[%clk 0:00:28]} 48. a5
{[%clk 0:01:42]} h5 {[%clk 0:00:31]} 49. Rd1 {[%clk 0:01:30]} Kh7
{[%clk 0:00:29]} 50. Qc3 {[%clk 0:01:28]} Qd7 {[%clk 0:00:33]} 51. Rd2
{[%clk 0:01:27]} Qb5 {[%clk 0:00:41]} 52. Rb2 {[%clk 0:01:32]} Qxb2+
{[%clk 0:00:37]} 53. Qxb2 {[%clk 0:01:40]} d2 {[%clk 0:00:46]} 0-1

[Event "Team Championship of Russia (rapid)"]
[Site "Sochi"]
[Date "2015.05.09"]
[Round "9.23"]
[White "Usmanov, Vasily"]
[Black "Khoroshilov, Nikita"]
[Result "1-0"]
[LiveChessVersion "1.4.4"]
[BlackElo "2283"]
[WhiteElo "2526"]
[BlackTeam "SHK Rakita"]

1. b3 {[%clk 0:15:18]} e5 {[%clk 0:15:01]} 2. Bb2 {[%clk 0:15:27]} d6
{[%clk 0:15:10]} 3. c4 {[%clk 0:15:31]} Nf6 {[%clk 0:15:18]} 4. g3
{[%clk 0:15:36]} g6 {[%clk 0:15:23]} 5. Bg2 {[%clk 0:15:45]} Bg7 {[%clk 0:15:32]}
6. d3 {[%clk 0:15:52]} O-O {[%clk 0:15:38]} 7. Nc3 {[%clk 0:16:00]} c6
{[%clk 0:15:40]} 8. e3 {[%clk 0:16:07]} Re8 {[%clk 0:15:32]} 9. Nge2
{[%clk 0:16:14]} Nbd7 {[%clk 0:15:36]} 10. O-O {[%clk 0:16:22]} h5
{[%clk 0:15:45]} 11. h3 {[%clk 0:16:23]} Nf8 {[%clk 0:15:45]} 12. Qd2
{[%clk 0:16:31]} N8h7 {[%clk 0:15:26]} 13. f4 {[%clk 0:16:34]} Qe7
{[%clk 0:15:03]} 14. Rae1 {[%clk 0:16:40]} Qf8 {[%clk 0:13:10]} 15. Kh2
{[%clk 0:16:47]} Bh8 {[%clk 0:12:41]} 16. b4 {[%clk 0:16:49]} Qh6
{[%clk 0:12:41]} 17. b5 {[%clk 0:16:50]} Bd7 {[%clk 0:12:06]} 18. a4
{[%clk 0:16:59]} exf4 {[%clk 0:07:24]} 19. gxf4 {[%clk 0:17:02]} h4
{[%clk 0:05:36]} 20. Rg1 {[%clk 0:16:42]} Nh5 {[%clk 0:05:12]} 21. Bf3
{[%clk 0:16:36]} Ng3 {[%clk 0:04:29]} 22. Nxg3 {[%clk 0:16:35]} hxg3+
{[%clk 0:04:37]} 23. Rxg3 {[%clk 0:16:43]} Bf6 {[%clk 0:04:45]} 24. Bg4
{[%clk 0:16:16]} Bh4 {[%clk 0:03:32]} 25. Bxd7 {[%clk 0:16:22]} Bxg3+
{[%clk 0:02:57]} 26. Kxg3 {[%clk 0:16:30]} g5 {[%clk 0:00:20]} 27. Bxe8
{[%clk 0:16:33]} Rxe8 {[%clk 0:00:18]} 28. Ne4 {[%clk 0:16:27]} d5
{[%clk 0:00:14]} 29. Qc3 {[%clk 0:16:15]} 1-0

[Event "Team Championship of Russia (rapid)"]
[Site "Sochi"]
[Date "2015.05.09"]
[Round "9.24"]
[White "Konaplev, Anton"]
[Black "Palchun, Grigory"]
[Result "0-1"]
[LiveChessVersion "1.4.4"]
[BlackElo "2330"]
[WhiteElo "2033"]
[WhiteTeam "SHK Rakita"]

1. c4 {[%clk 0:15:19]} e5 {[%clk 0:15:19]} 2. Nc3 {[%clk 0:15:27]} Nc6
{[%clk 0:15:28]} 3. g3 {[%clk 0:15:35]} g6 {[%clk 0:15:37]} 4. Bg2
{[%clk 0:15:44]} Bg7 {[%clk 0:15:46]} 5. Rb1 {[%clk 0:15:53]} d6 {[%clk 0:15:55]}
6. b4 {[%clk 0:16:01]} a6 {[%clk 0:15:58]} 7. a4 {[%clk 0:15:55]} f5
{[%clk 0:16:07]} 8. b5 {[%clk 0:15:51]} axb5 {[%clk 0:16:16]} 9. axb5
{[%clk 0:16:00]} Nce7 {[%clk 0:16:24]} 10. e3 {[%clk 0:15:49]} Nf6
{[%clk 0:16:32]} 11. Nd5 {[%clk 0:15:48]} O-O {[%clk 0:16:19]} 12. Ne2
{[%clk 0:15:52]} Rb8 {[%clk 0:15:07]} 13. d3 {[%clk 0:15:39]} Be6
{[%clk 0:15:15]} 14. Nec3 {[%clk 0:15:40]} Qd7 {[%clk 0:15:05]} 15. O-O
{[%clk 0:15:44]} g5 {[%clk 0:14:19]} 16. f4 {[%clk 0:15:32]} exf4
{[%clk 0:14:19]} 17. exf4 {[%clk 0:14:59]} g4 {[%clk 0:13:47]} 18. Nxe7+
{[%clk 0:14:25]} Qxe7 {[%clk 0:13:56]} 19. Re1 {[%clk 0:14:26]} Qf7
{[%clk 0:13:06]} 20. Bb2 {[%clk 0:13:33]} Rfe8 {[%clk 0:13:04]} 21. Qd2
{[%clk 0:12:59]} h5 {[%clk 0:13:08]} 22. Re2 {[%clk 0:12:30]} h4 {[%clk 0:13:10]}
23. Rbe1 {[%clk 0:12:25]} Kh7 {[%clk 0:12:46]} 24. Nd1 {[%clk 0:11:26]} hxg3
{[%clk 0:11:30]} 25. hxg3 {[%clk 0:11:32]} Nh5 {[%clk 0:10:39]} 26. Re3
{[%clk 0:11:07]} Bxb2 {[%clk 0:10:30]} 27. Qxb2 {[%clk 0:10:57]} Bd7
{[%clk 0:10:28]} 28. Bd5 {[%clk 0:10:39]} Qf8 {[%clk 0:10:15]} 29. Qh2
{[%clk 0:10:24]} Kg6 {[%clk 0:10:12]} 30. Qh4 {[%clk 0:08:51]} Qf6
{[%clk 0:09:27]} 31. Qxf6+ {[%clk 0:04:50]} Kxf6 {[%clk 0:09:34]} 32. Rxe8
{[%clk 0:04:46]} Rxe8 {[%clk 0:09:16]} 33. Rxe8 {[%clk 0:04:43]} Bxe8
{[%clk 0:09:26]} 34. Kf2 {[%clk 0:04:28]} c6 {[%clk 0:09:31]} 35. bxc6
{[%clk 0:04:32]} bxc6 {[%clk 0:09:38]} 36. Bg2 {[%clk 0:04:34]} Ng7
{[%clk 0:09:18]} 37. Nc3 {[%clk 0:04:39]} Ne6 {[%clk 0:08:27]} 38. Ke3
{[%clk 0:04:44]} c5 {[%clk 0:08:21]} 39. Nd5+ {[%clk 0:03:37]} Kf7
{[%clk 0:08:20]} 40. Nb6 {[%clk 0:03:40]} Nd4 {[%clk 0:08:04]} 41. Bb7
{[%clk 0:02:34]} Bc6 {[%clk 0:07:13]} 42. Bxc6 {[%clk 0:02:20]} Nxc6
{[%clk 0:07:21]} 43. Nd5 {[%clk 0:02:21]} Ke6 {[%clk 0:07:14]} 44. Nc7+
{[%clk 0:02:18]} Kd7 {[%clk 0:07:23]} 45. Nb5 {[%clk 0:02:27]} Nb4
{[%clk 0:07:10]} 46. Kd2 {[%clk 0:00:59]} Kc6 {[%clk 0:06:53]} 47. Na7+
{[%clk 0:00:53]} Kd7 {[%clk 0:06:49]} 48. Nb5 {[%clk 0:01:01]} Kc6
{[%clk 0:06:46]} 49. d4 {[%clk 0:00:31]} d5 {[%clk 0:06:11]} 50. Kc3
{[%clk 0:00:21]} Na2+ {[%clk 0:05:50]} 51. Kd3 {[%clk 0:00:16]} Nc1+
{[%clk 0:05:19]} 52. Kd2 {[%clk 0:00:15]} dxc4 {[%clk 0:03:48]} 53. Na7+
{[%clk 0:00:14]} Kb7 {[%clk 0:03:54]} 54. Nb5 {[%clk 0:00:14]} Nb3+
{[%clk 0:02:42]} 55. Kc3 {[%clk 0:00:16]} Kb6 {[%clk 0:01:35]} 56. Kxc4
{[%clk 0:00:13]} Na5+ {[%clk 0:01:41]} 57. Kd5 {[%clk 0:00:18]} Kxb5
{[%clk 0:01:47]} 58. dxc5 {[%clk 0:00:27]} Nc6 {[%clk 0:01:17]} 59. Ke6
{[%clk 0:00:25]} Nd4+ {[%clk 0:01:10]} 60. Kd5 {[%clk 0:00:31]} Nc2
{[%clk 0:01:08]} 61. c6 {[%clk 0:00:22]} Ne3+ {[%clk 0:00:37]} 62. Kd6
{[%clk 0:00:21]} Nc4+ {[%clk 0:00:39]} 63. Ke6 {[%clk 0:00:12]} Kxc6
{[%clk 0:00:44]} 64. Kxf5 {[%clk 0:00:21]} Ne3+ {[%clk 0:00:53]} 65. Ke4
{[%clk 0:00:22]} Nf1 {[%clk 0:01:02]} 66. Kf5 {[%clk 0:00:13]} Ne3+
{[%clk 0:00:57]} 67. Ke4 {[%clk 0:00:20]} Nf1 {[%clk 0:01:06]} 68. Kf5
{[%clk 0:00:28]} Nh2 {[%clk 0:00:55]} 69. Ke6 {[%clk 0:00:31]} Kc7
{[%clk 0:00:39]} 70. f5 {[%clk 0:00:12]} Kd8 {[%clk 0:00:30]} 71. Kf6
{[%clk 0:00:13]} Ke8 {[%clk 0:00:21]} 72. Kg7 {[%clk 0:00:17]} Nf3
{[%clk 0:00:29]} 73. f6 {[%clk 0:00:14]} Ne5 {[%clk 0:00:38]} 74. Kg8
{[%clk 0:00:15]} Nf7 {[%clk 0:00:18]} 75. Kg7 {[%clk 0:00:24]} Ne5
{[%clk 0:00:16]} 76. Kg8 {[%clk 0:00:33]} Nf7 {[%clk 0:00:24]} 77. Kg7
{[%clk 0:00:42]} Ng5 {[%clk 0:00:19]} 78. Kg8 {[%clk 0:00:51]} Ne6
{[%clk 0:00:20]} 79. f7+ {[%clk 0:00:20]} Ke7 {[%clk 0:00:25]} 80. f8=Q+
{[%clk 0:00:18]} Nxf8 {[%clk 0:00:33]} 81. Kg7 {[%clk 0:00:26]} Nd7
{[%clk 0:00:41]} 82. Kg6 {[%clk 0:00:30]} Ke6 {[%clk 0:00:36]} 83. Kg5
{[%clk 0:00:35]} Nf6 {[%clk 0:00:41]} 84. Kh4 {[%clk 0:00:25]} Ke5
{[%clk 0:00:47]} 85. Kg5 {[%clk 0:00:33]} Ke4 {[%clk 0:00:55]} 86. Kh4
{[%clk 0:00:21]} Kf3 {[%clk 0:01:02]} 87. Kg5 {[%clk 0:00:29]} Kxg3 88. Kxf6 0-1

[Event "Team Championship of Russia (rapid)"]
[Site "Sochi"]
[Date "2015.05.09"]
[Round "9.25"]
[White "Panarin, Mikhail"]
[Black "Belov, Igor"]
[Result "1-0"]
[LiveChessVersion "1.4.4"]
[BlackElo "2506"]
[WhiteElo "2642"]
[BlackTeam "SK Volga"]

1. e4 {[%clk 0:15:17]} d6 {[%clk 0:15:20]} 2. d4 {[%clk 0:15:26]} Nf6
{[%clk 0:15:28]} 3. Nc3 {[%clk 0:15:34]} e5 {[%clk 0:15:37]} 4. Nge2
{[%clk 0:15:42]} Be7 {[%clk 0:15:46]} 5. g3 {[%clk 0:15:48]} O-O {[%clk 0:15:54]}
6. Bg2 {[%clk 0:15:56]} c6 {[%clk 0:16:02]} 7. a4 {[%clk 0:16:05]} a5
{[%clk 0:16:06]} 8. O-O {[%clk 0:16:11]} Na6 {[%clk 0:16:15]} 9. h3
{[%clk 0:16:16]} Nb4 {[%clk 0:16:21]} 10. Be3 {[%clk 0:16:25]} Be6
{[%clk 0:16:27]} 11. Qd2 {[%clk 0:16:33]} Bc4 {[%clk 0:16:30]} 12. Rad1
{[%clk 0:16:34]} Qc7 {[%clk 0:15:05]} 13. Rfe1 {[%clk 0:16:38]} Rad8
{[%clk 0:14:32]} 14. Qc1 {[%clk 0:14:40]} Rfe8 {[%clk 0:13:32]} 15. g4
{[%clk 0:14:02]} d5 {[%clk 0:10:36]} 16. dxe5 {[%clk 0:12:19]} Nxe4
{[%clk 0:10:33]} 17. Nxe4 {[%clk 0:12:25]} dxe4 {[%clk 0:10:41]} 18. Rxd8
{[%clk 0:11:43]} Rxd8 {[%clk 0:10:42]} 19. Ng3 {[%clk 0:11:50]} Qxe5
{[%clk 0:08:16]} 20. Bf4 {[%clk 0:08:44]} Qc5 {[%clk 0:06:47]} 21. Bc7
{[%clk 0:08:52]} Rd7 {[%clk 0:06:23]} 22. Nxe4 {[%clk 0:08:42]} Qa7
{[%clk 0:06:29]} 23. Bg3 {[%clk 0:06:37]} h6 {[%clk 0:05:53]} 24. h4
{[%clk 0:05:46]} Be6 {[%clk 0:05:15]} 25. g5 {[%clk 0:04:47]} hxg5
{[%clk 0:04:41]} 26. Nxg5 {[%clk 0:04:56]} Bd5 {[%clk 0:04:46]} 27. Qf4
{[%clk 0:04:34]} Qc5 {[%clk 0:03:27]} 28. Bxd5 {[%clk 0:03:57]} Bxg5
{[%clk 0:01:56]} 29. Re8+ {[%clk 0:04:03]} Kh7 {[%clk 0:02:06]} 30. Be4+
{[%clk 0:04:11]} 1-0

[Event "Team Championship of Russia (rapid)"]
[Site "Sochi"]
[Date "2015.05.09"]
[Round "9.26"]
[White "Skomorokhin, Roman"]
[Black "Bryzgalin, Kirill"]
[Result "1/2-1/2"]
[LiveChessVersion "1.4.4"]
[BlackElo "2588"]
[WhiteElo "2299"]
[WhiteTeam "SK Volga"]

1. d4 {[%clk 0:15:17]} Nf6 {[%clk 0:15:14]} 2. c4 {[%clk 0:15:22]} e5
{[%clk 0:15:23]} 3. dxe5 {[%clk 0:15:23]} Ng4 {[%clk 0:15:31]} 4. Bf4
{[%clk 0:15:26]} g5 {[%clk 0:15:40]} 5. Bg3 {[%clk 0:15:01]} Bg7 {[%clk 0:15:48]}
6. Nc3 {[%clk 0:15:00]} Nxe5 {[%clk 0:15:50]} 7. e3 {[%clk 0:15:03]} d6
{[%clk 0:15:27]} 8. Rc1 {[%clk 0:14:59]} Nbc6 {[%clk 0:15:29]} 9. Be2
{[%clk 0:14:57]} O-O {[%clk 0:15:28]} 10. h4 {[%clk 0:13:59]} g4 {[%clk 0:15:36]}
11. h5 {[%clk 0:14:04]} f5 {[%clk 0:15:33]} 12. Nd5 {[%clk 0:09:44]} Be6
{[%clk 0:14:59]} 13. Bd3 {[%clk 0:05:07]} Nxd3+ {[%clk 0:14:44]} 14. Qxd3
{[%clk 0:05:15]} Bxb2 {[%clk 0:14:20]} 15. Rb1 {[%clk 0:05:18]} Bh8
{[%clk 0:12:40]} 16. Rxb7 {[%clk 0:04:43]} Rf7 {[%clk 0:12:37]} 17. Ne2
{[%clk 0:04:37]} Ne5 {[%clk 0:12:41]} 18. Qc2 {[%clk 0:03:59]} c6
{[%clk 0:11:04]} 19. Rxf7 {[%clk 0:03:22]} Bxf7 {[%clk 0:11:12]} 20. Ndc3
{[%clk 0:03:15]} Qa5 {[%clk 0:09:58]} 21. O-O {[%clk 0:02:39]} Bxh5
{[%clk 0:09:12]} 22. Nd4 {[%clk 0:02:33]} Bg6 {[%clk 0:09:13]} 23. Bf4
{[%clk 0:01:56]} Re8 {[%clk 0:08:09]} 24. Nce2 {[%clk 0:01:27]} Qc5
{[%clk 0:07:24]} 25. Rc1 {[%clk 0:01:26]} Nf7 {[%clk 0:06:25]} 26. Qa4
{[%clk 0:01:03]} Bf6 {[%clk 0:05:35]} 27. Nxc6 {[%clk 0:00:57]} Ne5
{[%clk 0:05:30]} 28. Ncd4 {[%clk 0:00:42]} Nd3 {[%clk 0:05:21]} 29. Rb1
{[%clk 0:00:45]} Bxd4 {[%clk 0:02:58]} 30. Rb5 {[%clk 0:00:21]} Nb2
{[%clk 0:01:01]} 31. Qb3 {[%clk 0:00:17]} Qxc4 {[%clk 0:01:03]} 32. Nxd4
{[%clk 0:00:19]} Qxb3 {[%clk 0:01:10]} 33. axb3 {[%clk 0:00:22]} Nd3
{[%clk 0:01:12]} 34. Bxd6 {[%clk 0:00:28]} f4 {[%clk 0:01:11]} 35. Bxf4
{[%clk 0:00:29]} Nxf4 {[%clk 0:01:02]} 36. exf4 {[%clk 0:00:28]} Re4
{[%clk 0:01:10]} 37. f5 {[%clk 0:00:24]} Bf7 {[%clk 0:01:10]} 38. Rb8+
{[%clk 0:00:17]} Kg7 {[%clk 0:01:19]} 39. Ne6+ {[%clk 0:00:20]} Kf6
{[%clk 0:01:26]} 40. Rb7 {[%clk 0:00:19]} Re1+ {[%clk 0:01:15]} 41. Kh2
{[%clk 0:00:27]} h5 {[%clk 0:01:13]} 42. Rxa7 {[%clk 0:00:27]} h4
{[%clk 0:01:16]} 43. Nf4 {[%clk 0:00:23]} Bxb3 {[%clk 0:01:10]} 44. Ng6
{[%clk 0:00:27]} Kg5 {[%clk 0:00:42]} 45. Rh7 {[%clk 0:00:32]} Kxf5
{[%clk 0:00:31]} 46. Nxh4+ {[%clk 0:00:40]} Kg5 {[%clk 0:00:40]} 47. Kg3
{[%clk 0:00:36]} Be6 {[%clk 0:00:45]} 48. Rg7+ {[%clk 0:00:32]} Kf6
{[%clk 0:00:53]} 49. Rg6+ {[%clk 0:00:33]} Kf7 {[%clk 0:01:02]} 50. Rg5
{[%clk 0:00:29]} Ra1 {[%clk 0:00:59]} 51. Re5 {[%clk 0:00:38]} Kf6
{[%clk 0:01:05]} 52. Re4 {[%clk 0:00:41]} Ra2 {[%clk 0:01:06]} 53. Re3
{[%clk 0:00:45]} Rb2 {[%clk 0:01:12]} 54. Ng6 {[%clk 0:00:52]} Bf5
{[%clk 0:00:43]} 55. Nf4 {[%clk 0:00:40]} Rd2 {[%clk 0:00:49]} 56. Ne2
{[%clk 0:00:39]} Kg5 {[%clk 0:00:49]} 57. Nc3 {[%clk 0:00:37]} Rd4
{[%clk 0:00:52]} 58. Ne2 {[%clk 0:00:27]} Rd2 {[%clk 0:00:57]} 59. Nf4
{[%clk 0:00:35]} Kf6 {[%clk 0:01:04]} 60. Nh5+ {[%clk 0:00:34]} Kg6
{[%clk 0:01:07]} 61. Nf4+ {[%clk 0:00:36]} Kf6 {[%clk 0:01:15]} 62. Ra3
{[%clk 0:00:24]} Kg5 {[%clk 0:01:09]} 63. Ra6 {[%clk 0:00:22]} Rb2
{[%clk 0:01:12]} 64. Ne6+ {[%clk 0:00:28]} Bxe6 {[%clk 0:01:06]} 65. Rxe6
{[%clk 0:00:36]} Rb3+ {[%clk 0:01:15]} 66. Re3 {[%clk 0:00:44]} Rb5
{[%clk 0:01:23]} 67. Rc3 {[%clk 0:00:29]} Ra5 {[%clk 0:01:27]} 68. Rc8
{[%clk 0:00:20]} Ra3+ {[%clk 0:01:36]} 69. Kh2 {[%clk 0:00:29]} g3+
{[%clk 0:01:42]} 70. fxg3 {[%clk 0:00:36]} Kg6 {[%clk 0:01:51]} 71. Rc5
{[%clk 0:00:37]} Kg7 {[%clk 0:02:00]} 72. Rc6 {[%clk 0:00:44]} Kg8
{[%clk 0:02:08]} 73. Rc7 {[%clk 0:00:51]} Ra8 {[%clk 0:02:10]} 74. g4
{[%clk 0:00:54]} Rb8 {[%clk 0:02:19]} 75. Kh3 {[%clk 0:01:02]} Ra8
{[%clk 0:02:28]} 76. Kh4 {[%clk 0:01:10]} Rb8 {[%clk 0:02:36]} 77. Kh5
{[%clk 0:01:15]} Ra8 {[%clk 0:02:45]} 78. g5 {[%clk 0:01:22]} Rb8
{[%clk 0:02:50]} 79. Kh6 {[%clk 0:01:22]} Ra8 {[%clk 0:02:57]} 80. g4
{[%clk 0:01:22]} Rb8 {[%clk 0:03:04]} 81. g6 {[%clk 0:01:28]} Rd8
{[%clk 0:03:04]} 82. Rg7+ {[%clk 0:00:33]} Kh8 {[%clk 0:03:13]} 83. Rf7
{[%clk 0:00:25]} Kg8 {[%clk 0:03:17]} 84. Rf4 {[%clk 0:00:28]} Rd1
{[%clk 0:03:08]} 85. Rc4 {[%clk 0:00:23]} Rh1+ {[%clk 0:03:12]} 86. Kg5
{[%clk 0:00:31]} Ra1 {[%clk 0:03:00]} 87. Rc8+ {[%clk 0:00:29]} Kg7
{[%clk 0:03:09]} 88. Rc7+ {[%clk 0:00:38]} Kg8 {[%clk 0:03:18]} 89. Re7
{[%clk 0:00:37]} Ra2 {[%clk 0:03:06]} 90. Re5 {[%clk 0:00:23]} Ra1
{[%clk 0:03:04]} 91. Kf6 {[%clk 0:00:30]} Rf1+ {[%clk 0:03:07]} 92. Rf5
{[%clk 0:00:38]} Ra1 {[%clk 0:03:14]} 93. Kg5 {[%clk 0:00:25]} Ra2
{[%clk 0:03:13]} 94. Rd5 {[%clk 0:00:27]} Ra1 {[%clk 0:03:21]} 95. Rd7
{[%clk 0:00:28]} Ra2 {[%clk 0:03:28]} 96. Rf7 {[%clk 0:00:19]} Ra1
{[%clk 0:03:33]} 97. Rf3 {[%clk 0:00:14]} Ra2 {[%clk 0:03:38]} 98. Re3
{[%clk 0:00:19]} Ra1 {[%clk 0:03:45]} 99. Rf3 {[%clk 0:00:24]} Ra2
{[%clk 0:03:52]} 100. Rf1 {[%clk 0:00:25]} Ra3 {[%clk 0:03:58]} 101. Re1
{[%clk 0:00:22]} Ra2 {[%clk 0:04:05]} 102. Re5 {[%clk 0:00:27]} Ra1
{[%clk 0:04:13]} 103. Kf6 {[%clk 0:00:35]} Rf1+ {[%clk 0:04:20]} 104. Rf5
{[%clk 0:00:39]} Ra1 {[%clk 0:04:29]} 105. Re5 {[%clk 0:00:29]} Rf1+
{[%clk 0:04:35]} 106. Kg5 {[%clk 0:00:35]} Ra1 {[%clk 0:04:43]} 107. Re8+
{[%clk 0:00:28]} Kg7 {[%clk 0:04:52]} 108. Re7+ {[%clk 0:00:36]} Kg8
{[%clk 0:05:01]} 109. g7 {[%clk 0:00:20]} Ra5+ {[%clk 0:04:53]} 110. Kh6
{[%clk 0:00:23]} Ra6+ {[%clk 0:05:01]} 111. Kh5 {[%clk 0:00:30]} Kh7
{[%clk 0:04:31]} 112. g5 {[%clk 0:00:32]} Rb6 {[%clk 0:04:33]} 113. g6+
{[%clk 0:00:14]} Kg8 {[%clk 0:04:41]} 114. Re8+ {[%clk 0:00:21]} Kxg7
{[%clk 0:04:50]} 115. Re7+ {[%clk 0:00:30]} Kg8 {[%clk 0:04:55]} 116. Kh6
{[%clk 0:00:37]} Rb8 {[%clk 0:05:04]} 117. Rg7+ {[%clk 0:00:24]} Kh8
{[%clk 0:05:13]} 118. Rh7+ {[%clk 0:00:16]} Kg8 {[%clk 0:05:22]} 119. Rg7+
{[%clk 0:00:24]} 1/2-1/2